[Event "zonal 3A"]
[Site "Stara Zagora BUL"]
[Date "1990.??.??"]
[Round "8"]
[White "Ghinda, Mihail Viorel"]
[Black "Ftacnik, Lubomir"]
[Result "1/2-1/2"]
[WhiteElo "2450"]
[BlackElo "2560"]
[EventDate "1990.02.??"]
[PlyCount "40"]

1.e4 d6 2.d4 Nf6 3.Nc3 g6 4.Nf3 Bg7 5.Be2 O-O 6.O-O Bg4 7.h3 Bxf3 8.Bxf3 
Nc6 9.Ne2 e5 10.c3 Nd7 11.g3 Qf6 12.Bg4 Qe7 13.d5 Ncb8 14.h4 Nc5 15.Qc2 
Nxe4 16.Qxe4 f5 17.Qc4 fxg4 18.Qxg4 Nd7 19.Bg5 Qf7 20.c4 Qf5 1/2-1/2

[Event "zonal 3A"]
[Site "Stara Zagora BUL"]
[Date "1990.??.??"]
[Round "8"]
[White "Grunberg, Hans-Ulrich"]
[Black "Tolnai, Tibor"]
[Result "1/2-1/2"]
[WhiteElo "2470"]
[BlackElo "2490"]
[EventDate "1990.02.??"]
[PlyCount "41"]

1.d4 Nf6 2.c4 e6 3.Nc3 Bb4 4.Qc2 c5 5.dxc5 Bxc5 6.Nf3 Qb6 7.e3 Qc7 8.Be2 
O-O 9.O-O a6 10.b3 Be7 11.Bb2 d6 12.Rfd1 b6 13.Ne4 Nbd7 14.Nxf6+ Bxf6 15.
Rd2 Bxb2 16.Qxb2 Nf6 17.Rad1 Rd8 18.Qe5 Ne8 19.Qg3 Bb7 20.Rd4 Rac8 21.h3 
1/2-1/2

[Event "zonal 3A"]
[Site "Stara Zagora BUL"]
[Date "1990.??.??"]
[Round "8"]
[White "Lukacs, Peter"]
[Black "Dimitrov, Vladimir"]
[Result "1/2-1/2"]
[WhiteElo "2505"]
[BlackElo "2455"]
[EventDate "1990.02.??"]
[PlyCount "24"]

1.d4 e6 2.c4 Nf6 3.Nf3 d5 4.Nc3 Bb4 5.Bg5 Nbd7 6.cxd5 exd5 7.Rc1 c6 8.e3 
Qa5 9.Qb3 Ne4 10.Bd3 O-O 11.O-O Nxg5 12.Nxg5 Nf6 1/2-1/2

[Event "zonal 3A"]
[Site "Stara Zagora BUL"]
[Date "1990.??.??"]
[Round "9"]
[White "Lechtynsky, Jiri"]
[Black "Blatny, Pavel"]
[Result "0-1"]
[WhiteElo "2430"]
[BlackElo "2510"]
[EventDate "1990.02.??"]
[PlyCount "170"]

1.Nf3 d5 2.d4 Nf6 3.c4 e6 4.g3 dxc4 5.Qa4+ Nbd7 6.Bg2 c5 7.Qxc4 a6 8.Qc2 
Qc7 9.O-O b6 10.e4 Bb7 11.Re1 Be7 12.Bf4 Qd8 13.d5 exd5 14.e5 Ne4 15.Nfd2 
Nxd2 16.Qxd2 Nf8 17.Nc3 Ne6 18.Nxd5 Ra7 19.Be3 Ba8 20.Nc3 Qxd2 21.Bxd2 Nd4
22.Bxa8 Rxa8 23.Red1 Kf8 24.Kg2 Rd8 25.Ne4 Rd5 26.f4 f5 27.exf6 gxf6 28.
Bc3 Kf7 29.Bxd4 Rhd8 30.Kf3 Rxd4 31.Rxd4 Rxd4 32.g4 Rd3+ 33.Ke2 c4 34.Rc1 
b5 35.Rc3 Rd4 36.Re3 Bd8 37.Kf3 Bc7 38.h3 Rd1 39.Ng3 Bb6 40.Re2 Rd3+ 41.
Kg2 Be3 42.Nf5 Bxf4 43.Re7+ Kf8 44.Rxh7 Be5 45.h4 Bxb2 46.h5 Rd2+ 47.Kf3 
c3 48.Rh8+ Kf7 49.Rh7+ Ke8 50.Re7+ Kd8 51.h6 c2 52.h7 Rh2 53.Re2 Rxe2 54.
h8=Q+ Re8 55.Qh2 c1=Q 56.Qb8+ Kd7 57.Qd6+ Kc8 58.Qxa6+ Kd8 59.Qd6+ Kc8 60.
Qa6+ Kc7 61.Qd6+ Kb7 62.Qd7+ Kb6 63.Qxe8 Qf1+ 64.Ke4 Qg2+ 65.Kd3 Qd5+ 66.
Ke2 Qc4+ 67.Kf3 Qf1+ 68.Ke4 Qh1+ 69.Kf4 Be5+ 70.Ke3 Qe1+ 71.Kf3 Qf1+ 72.
Ke4 Qc4+ 73.Ke3 Qxg4 74.Qd8+ Kc5 75.Qf8+ Kc4 76.Qf7+ Kb4 77.Qe7+ Kc3 78.
Qd7 Bf4+ 79.Kf2 Bg3+ 80.Kg2 Bd6+ 81.Kf1 Qh3+ 82.Ke1 Bg3+ 83.Ke2 Qg2+ 84.
Ke3 Qf2+ 85.Ke4 Qf4+ 0-1

[Event "zonal 3A"]
[Site "Stara Zagora BUL"]
[Date "1990.??.??"]
[Round "9"]
[White "Moldovan, Daniel"]
[Black "Ghinda, Mihail Viorel"]
[Result "1/2-1/2"]
[WhiteElo "2335"]
[BlackElo "2450"]
[EventDate "1990.02.??"]
[PlyCount "40"]

1.e4 d6 2.d4 g6 3.Be3 Nf6 4.Nc3 c6 5.Qd2 b5 6.Bd3 Nbd7 7.Nf3 e5 8.O-O Bb7 
9.a4 b4 10.Na2 exd4 11.Bxd4 c5 12.Bxf6 Qxf6 13.c3 a5 14.Rfe1 Bg7 15.Bb5 
O-O-O 16.Qe2 Kc7 17.Ba6 Bc6 18.Bb5 Bb7 19.Ba6 Bc6 20.Bb5 Bb7 1/2-1/2

[Event "zonal 3A"]
[Site "Stara Zagora BUL"]
[Date "1990.??.??"]
[Round "10"]
[White "Gdanski, Jacek"]
[Black "Tolnai, Tibor"]
[Result "1/2-1/2"]
[WhiteElo "2430"]
[BlackElo "2490"]
[EventDate "1990.02.??"]
[PlyCount "104"]

1.e4 c5 2.Nf3 e6 3.d4 cxd4 4.Nxd4 a6 5.Bd3 Nc6 6.Nxc6 dxc6 7.O-O e5 8.Nd2 
Qc7 9.Nc4 Be6 10.Qe2 Nf6 11.a4 Bc5 12.Be3 Bxe3 13.Qxe3 Bxc4 14.Bxc4 O-O 
15.Rfd1 Rfd8 16.f3 h6 17.c3 Nd7 18.a5 Nf8 19.b4 Qe7 20.Bb3 Ne6 21.g3 Nc7 
22.Rxd8+ Rxd8 23.Rd1 Rxd1+ 24.Bxd1 h5 25.Be2 h4 26.Qa7 Ne6 27.Qb8+ Nf8 28.
Kf2 hxg3+ 29.hxg3 g6 30.Bf1 Kg7 31.Bc4 Nh7 32.Bf1 Ng5 33.Be2 c5 34.Ke3 
cxb4 35.cxb4 Kh7 36.Bd3 Qxb4 37.Qxe5 Ne6 38.Be2 Qe1 39.Qf6 Kg8 40.Qe5 Qb4 
41.f4 Qa3+ 42.Kf2 Qc5+ 43.Qxc5 Nxc5 44.Bc4 Nxe4+ 45.Ke3 Nd6 46.Bd5 Kf8 47.
g4 Ke7 48.Kd4 f6 49.g5 fxg5 50.fxg5 Kd7 51.Ke5 Ke7 52.Kd4 Kd7 1/2-1/2

[Event "zonal 3A"]
[Site "Stara Zagora BUL"]
[Date "1990.??.??"]
[Round "10"]
[White "Ghinda, Mihail Viorel"]
[Black "Lechtynsky, Jiri"]
[Result "1-0"]
[WhiteElo "2450"]
[BlackElo "2430"]
[EventDate "1990.02.??"]
[PlyCount "101"]

1.e4 c6 2.c4 e5 3.Nf3 d6 4.d4 Nd7 5.Nc3 Ngf6 6.Be2 g6 7.O-O Bg7 8.d5 Qc7 
9.Be3 Ng4 10.Bd2 O-O 11.Ne1 f5 12.Bxg4 fxg4 13.Qxg4 Nf6 14.Qe2 Bd7 15.Rc1 
c5 16.Nb5 Qb8 17.b4 a6 18.Na3 b6 19.bxc5 bxc5 20.Rb1 Qc7 21.Nd3 Nh5 22.g3 
Bh3 23.Rfc1 Rf7 24.Nc2 Raf8 25.Nce1 Nf6 26.f3 Ng4 27.Rb3 h5 28.Rcb1 Qe7 
29.Rb6 g5 30.Rxa6 h4 31.Rab6 Kh7 32.a4 Qf6 33.Nxc5 hxg3 34.hxg3 Qxf3 35.
Nxf3 Rxf3 36.Bf4 exf4 37.Qxf3 Bd4+ 38.Kh1 Nf2+ 39.Kh2 Bg4 40.Ne6 Bxf3 41.
Nxf8+ Kg8 42.gxf4 gxf4 43.Nd7 Ng4+ 44.Kh3 Nf2+ 45.Kh4 Nxe4 46.Rf1 Nd2 47.
Rb8+ Kf7 48.Rxf3 Nxf3+ 49.Kg4 Nd2 50.Kxf4 Ke7 51.Nb6 1-0

[Event "zonal 3A"]
[Site "Stara Zagora BUL"]
[Date "1990.??.??"]
[Round "10"]
[White "Grunberg, Hans-Ulrich"]
[Black "Moldovan, Daniel"]
[Result "0-1"]
[WhiteElo "2470"]
[BlackElo "2335"]
[EventDate "1990.02.??"]
[PlyCount "98"]

1.d4 Nf6 2.c4 c5 3.d5 g6 4.Nc3 d6 5.e4 Bg7 6.Bg5 h6 7.Bf4 Qb6 8.Qc1 e6 9.
Nf3 exd5 10.cxd5 O-O 11.Nd2 Re8 12.Be2 Nxe4 13.Ndxe4 Rxe4 14.Nxe4 Bxb2 15.
Nf6+ Bxf6 16.Rb1 Qd8 17.Bxh6 Nd7 18.O-O Nb6 19.Rd1 Na4 20.Rb3 a6 21.Rg3 b5
22.Bd3 Kh7 23.Qf4 Ra7 24.Bg5 Bxg5 25.Rxg5 Kg7 26.Re1 Re7 27.Rxe7 Qxe7 28.
h4 Qf6 29.Qg3 c4 30.Bc2 Nc3 31.Kh2 Ne2 32.Qe3 Qf4+ 33.Qxf4 Nxf4 34.Be4 f5 
35.Bc2 Kf6 36.Rg3 Nxd5 37.h5 gxh5 38.Rg8 Be6 39.Ra8 Nb4 40.Bb1 c3 41.a3 c2
42.Bxc2 Nxc2 43.Rxa6 d5 44.Kg3 d4 45.Kf4 d3 46.Rd6 Nxa3 47.Rxd3 b4 48.Rd8 
b3 49.Rb8 h4 0-1

[Event "zonal 3A"]
[Site "Stara Zagora BUL"]
[Date "1990.??.??"]
[Round "10"]
[White "Kuczynski, Robert"]
[Black "Dimitrov, Vladimir"]
[Result "1-0"]
[WhiteElo "2460"]
[BlackElo "2455"]
[EventDate "1990.02.??"]
[PlyCount "69"]

1.e4 e6 2.d4 d5 3.Nc3 Bb4 4.e5 c5 5.a3 Ba5 6.dxc5 Bxc3+ 7.bxc3 Ne7 8.Qg4 
Qc7 9.Nf3 Nd7 10.Qxg7 Rg8 11.Qh6 Nxc5 12.Bb5+ Bd7 13.Bxd7+ Kxd7 14.O-O Ne4
15.a4 Nf5 16.Qf4 h5 17.h3 Qxc3 18.Ra3 Qc4 19.Nh4 Rg5 20.f3 Qc5+ 21.Re3 
Rag8 22.fxe4 Nxh4 23.Qxh4 Qxc2 24.g3 d4 25.Ref3 R5g7 26.Qf4 Qxa4 27.Kg2 
Kc8 28.Qd2 Rd8 29.Ba3 d3 30.Bd6 Qxe4 31.Rc1+ Kd7 32.Rc7+ Ke8 33.Re7+ Kf8 
34.Rxf7+ Kg8 35.Rxg7+ 1-0

[Event "zonal 3A"]
[Site "Stara Zagora BUL"]
[Date "1990.??.??"]
[Round "10"]
[White "Lukacs, Peter"]
[Black "Ftacnik, Lubomir"]
[Result "1/2-1/2"]
[WhiteElo "2505"]
[BlackElo "2560"]
[EventDate "1990.02.??"]
[PlyCount "67"]

1.d4 Nf6 2.c4 g6 3.Nc3 d5 4.Bf4 Bg7 5.e3 c5 6.dxc5 Qa5 7.Nf3 O-O 8.Rc1 
dxc4 9.Bxc4 Qxc5 10.Bb3 Qa5 11.O-O Nc6 12.h3 Bf5 13.Qe2 Ne4 14.Nd5 e5 15.
Bh2 Nc5 16.e4 Rad8 17.Qe3 Nxb3 18.axb3 Bxe4 19.Rc5 Qxc5 20.Qxc5 Rxd5 21.
Qc4 Bxf3 22.gxf3 Rfd8 23.Bg3 Rd2 24.Qb5 Nd4 25.Qxb7 Ne2+ 26.Kg2 Nxg3 27.
Kxg3 Bh6 28.Qxa7 Rxb2 29.Qb6 Rd3 30.Ra1 Kg7 31.Ra6 Bg5 32.Qc7 Bf4+ 33.Kg2 
Rdd2 34.Qb6 1/2-1/2

[Event "zonal 3A"]
[Site "Stara Zagora BUL"]
[Date "1990.??.??"]
[Round "11"]
[White "Ftacnik, Lubomir"]
[Black "Gdanski, Jacek"]
[Result "1-0"]
[WhiteElo "2560"]
[BlackElo "2430"]
[EventDate "1990.02.??"]
[PlyCount "81"]

1.d4 Nf6 2.Nf3 c5 3.d5 g6 4.Nc3 Bg7 5.e4 O-O 6.a4 d6 7.Be2 e6 8.Nd2 exd5 
9.exd5 Nbd7 10.Nc4 Nb6 11.Ne3 Bd7 12.O-O a6 13.Re1 Re8 14.Bf3 Qc7 15.Bd2 
a5 16.Nb5 Bxb5 17.axb5 a4 18.c4 Nfd7 19.Qc2 Bd4 20.Be2 Qd8 21.g3 h5 22.Ra3
Qf6 23.Nd1 Ne5 24.Kg2 Re7 25.h4 Qg7 26.Bg5 f6 27.Be3 Bxe3 28.Rxe3 f5 29.f4
Ned7 30.Bxh5 Rxe3 31.Nxe3 Nf8 32.Bf3 a3 33.bxa3 Rxa3 34.h5 Qd4 35.Qe2 Rb3 
36.hxg6 Rb2 37.Nc2 Qxc4 38.Qe8 Rxc2+ 39.Kh3 Kg7 40.Qf7+ Kh6 41.Qxf8+ 1-0

[Event "zonal 3A"]
[Site "Stara Zagora BUL"]
[Date "1990.??.??"]
[Round "11"]
[White "Lechtynsky, Jiri"]
[Black "Grunberg, Hans-Ulrich"]
[Result "1-0"]
[WhiteElo "2430"]
[BlackElo "2470"]
[EventDate "1990.02.??"]
[PlyCount "77"]

1.Nf3 Nf6 2.g3 g6 3.b3 Bg7 4.Bb2 b6 5.Bg2 Bb7 6.c4 c5 7.O-O O-O 8.Nc3 Na6 
9.e3 e6 10.d4 d5 11.Ne5 Qe7 12.cxd5 exd5 13.Qe2 Rfd8 14.Rfd1 Nc7 15.Rac1 
Ne4 16.Na4 f6 17.Nd3 cxd4 18.Bxd4 Ne6 19.Bb2 Ba6 20.Qe1 Bf8 21.Nc3 f5 22.
Ne2 Bb7 23.Nef4 Nxf4 24.Nxf4 a5 25.a3 Rab8 26.h4 Ba8 27.Qe2 Qf7 28.Qb5 Bc5
29.b4 axb4 30.axb4 Bf8 31.Be5 Bd6 32.Bxd6 Nxd6 33.Qxd5 Bxd5 34.Bxd5 Ne4 
35.Bxf7+ Kxf7 36.Rc7+ Kf6 37.Rdc1 h6 38.R7c6+ Nd6 39.Rd1 1-0

[Event "zonal 3A"]
[Site "Stara Zagora BUL"]
[Date "1990.??.??"]
[Round "11"]
[White "Moldovan, Daniel"]
[Black "Lukacs, Peter"]
[Result "1/2-1/2"]
[WhiteElo "2335"]
[BlackElo "2505"]
[EventDate "1990.02.??"]
[PlyCount "54"]

1.e4 e5 2.Nf3 Nc6 3.Bb5 a6 4.Ba4 Nf6 5.O-O Be7 6.Re1 b5 7.Bb3 d6 8.c3 O-O 
9.d3 h6 10.Nbd2 Re8 11.Nf1 Bf8 12.h3 Bb7 13.Ne3 Na5 14.Bc2 c5 15.Bd2 c4 
16.b4 cxd3 17.Bxd3 Nc4 18.Nxc4 bxc4 19.Bc2 Qc7 20.Nh2 d5 21.exd5 Rad8 22.
Ng4 Nxd5 23.Qe2 Nf4 24.Bxf4 exf4 25.Qxe8 Rxe8 26.Rxe8 Qc6 27.Re4 f5 
1/2-1/2

[Event "zonal 3A"]
[Site "Stara Zagora BUL"]
[Date "1990.??.??"]
[Round "11"]
[White "Tolnai, Tibor"]
[Black "Kuczynski, Robert"]
[Result "1-0"]
[WhiteElo "2490"]
[BlackElo "2460"]
[EventDate "1990.02.??"]
[PlyCount "68"]

1.e4 c5 2.Nf3 d6 3.d4 cxd4 4.Nxd4 Nf6 5.Nc3 a6 6.Be3 e5 7.Nb3 Be6 8.Qd2 
Nbd7 9.O-O-O b5 10.f3 Be7 11.Kb1 O-O 12.g4 Nb6 13.g5 Nfd7 14.h4 Qc7 15.h5 
Rfc8 16.g6 b4 17.Nd5 Nxd5 18.exd5 Bf5 19.gxf7+ Kh8 20.Bd3 Bxd3 21.Qxd3 Rf8
22.Qg6 Bf6 23.Rdg1 Rac8 24.Bg5 Qd8 25.Nd2 Nc5 26.Nc4 Nb7 27.Ne3 Qe7 28.
Bxf6 Qxf6 29.Qxf6 gxf6 30.Nf5 Rxf7 31.Rg4 a5 32.Rhg1 h6 33.Rg6 Rcc7 34.
Rg8+ Kh7 1-0

[Event "zonal 3A"]
[Site "Stara Zagora BUL"]
[Date "1990.??.??"]
[Round "12"]
[White "Dimitrov, Vladimir"]
[Black "Tolnai, Tibor"]
[Result "1-0"]
[WhiteElo "2455"]
[BlackElo "2490"]
[EventDate "1990.02.??"]
[PlyCount "197"]

1.e4 c5 2.Nf3 d6 3.d4 cxd4 4.Nxd4 Nf6 5.Nc3 g6 6.Be3 Bg7 7.f3 Nc6 8.Bc4 
O-O 9.Qd2 Bd7 10.h4 Ne5 11.Bb3 Rc8 12.O-O-O Nc4 13.Bxc4 Rxc4 14.h5 Nxh5 
15.g4 Nf6 16.Nb3 Re8 17.Bh6 Bh8 18.Bg5 Rxc3 19.bxc3 Qc8 20.Rh4 Be6 21.Rdh1
Bg7 22.Bh6 Bxh6 23.Rxh6 Bxb3 24.axb3 Qc5 25.Kb2 Rc8 26.R6h3 a6 27.g5 Nh5 
28.f4 Qb5 29.Rf3 Qc6 30.Qd4 Nxf4 31.Qf2 e5 32.Qh4 Nh5 33.Rd1 b5 34.Ra1 Rc7
35.Qe1 Nf4 36.Rf2 Qb6 37.Rh2 a5 38.Qh4 Nh5 39.Qf2 Qc6 40.Qe3 a4 41.Rd2 Nf4
42.Rad1 Rd7 43.Rh2 Rd8 44.Rdh1 Nh5 45.Ra1 Ra8 46.Qe1 Ra6 47.Qe3 Nf4 48.Rd2
Kg7 49.Rh2 Qa8 50.Rah1 Nh5 51.Ra1 Kg8 52.Qd3 Qc6 53.Qe3 Nf4 54.Rd2 Qc8 55.
Qg3 Qc5 56.Ra3 Ra8 57.Qf2 Qc6 58.Qe3 Ne6 59.Rh2 Rc8 60.Ra1 Nf4 61.Rah1 h5 
62.gxh6 Kh7 63.Rd1 Ra8 64.Ra1 Ra6 65.Rf2 Qc8 66.Rxf4 exf4 67.Qxf4 Qe6 68.
Rd1 axb3 69.cxb3 b4 70.cxb4 Rb6 71.Rd4 Qe7 72.Kc3 g5 73.Qf5+ Kxh6 74.b5 
Qe5 75.Qxe5 dxe5 76.Rd5 g4 77.Kd3 Rf6 78.Ke3 Rf1 79.Ke2 Rf4 80.Rxe5 g3 81.
Rc5 Rf2+ 82.Ke3 Rf1 83.Rc2 Kh5 84.b6 Kg4 85.Kd4 Rd1+ 86.Kc5 Rd8 87.b7 f6 
88.Kb6 Re8 89.b4 Rxe4 90.Ka5 Re8 91.Rc4+ Kf3 92.Rc6 Rg8 93.Rxf6+ Ke2 94.
Rc6 Kd2 95.Rc8 Rg5+ 96.Ka4 g2 97.b8=Q g1=Q 98.Qf4+ Kd3 99.Rd8+ 1-0

[Event "zonal 3A"]
[Site "Stara Zagora BUL"]
[Date "1990.??.??"]
[Round "12"]
[White "Ghinda, Mihail Viorel"]
[Black "Ninov, Kiril"]
[Result "1/2-1/2"]
[WhiteElo "2450"]
[BlackElo "2465"]
[EventDate "1990.02.??"]
[PlyCount "83"]

1.e4 e5 2.Nf3 Nc6 3.Bb5 Nf6 4.d3 Bc5 5.Bxc6 dxc6 6.O-O Qe7 7.Nbd2 Bg4 8.
Nc4 Nd7 9.h3 Bh5 10.Be3 f6 11.Qe2 Nf8 12.Bxc5 Qxc5 13.b4 Qe7 14.Qe3 Ne6 
15.Rab1 O-O 16.Kh2 b5 17.Na5 Bxf3 18.Qxf3 c5 19.a3 cxb4 20.axb4 c5 21.bxc5
Qxc5 22.Rfe1 b4 23.Ra1 Rfe8 24.Nb3 Qb6 25.Qe3 Nd4 26.Nd2 a5 27.Nc4 Qc7 28.
f4 a4 29.fxe5 fxe5 30.Ra2 b3 31.cxb3 axb3 32.Rb2 Ra2 33.Reb1 Rxb2 34.Rxb2 
Ra8 35.Qd2 h6 36.Qb4 Qf7 37.Qc5 Qf4+ 38.g3 Nf3+ 39.Kg2 Ne1+ 40.Kh2 Nf3+ 
41.Kg2 Ne1+ 42.Kh2 1/2-1/2

[Event "zonal 3A"]
[Site "Stara Zagora BUL"]
[Date "1990.??.??"]
[Round "13"]
[White "Blatny, Pavel"]
[Black "Ghinda, Mihail Viorel"]
[Result "1-0"]
[WhiteElo "2510"]
[BlackElo "2450"]
[EventDate "1990.02.??"]
[PlyCount "77"]

1.e4 c5 2.c3 e6 3.d4 d5 4.e5 Nc6 5.Nf3 Bd7 6.Be2 Nge7 7.O-O cxd4 8.cxd4 
Nf5 9.Nc3 Rc8 10.Be3 Be7 11.Bd3 g6 12.Rc1 O-O 13.Bxf5 gxf5 14.Bh6 Re8 15.
h4 Bxh4 16.Qd2 Be7 17.Qf4 Kh8 18.Ng5 Rf8 19.Qh4 Bxg5 20.Bxg5 f6 21.Bxf6+ 
Rxf6 22.exf6 Qg8 23.Nb5 Qg4 24.Qh2 f4 25.Nd6 Rf8 26.Qh6 Kg8 27.f7+ Rxf7 
28.Nxf7 Kxf7 29.Qxh7+ Ke8 30.Rc3 Kd8 31.Re1 a5 32.Rf3 Kc7 33.Qh2 e5 34.
dxe5 Nd4 35.Rxf4 Ne2+ 36.Rxe2 Qxe2 37.Qg3 Qxb2 38.e6 Bxe6 39.Rb4+ 1-0

[Event "zonal 3A"]
[Site "Stara Zagora BUL"]
[Date "1990.??.??"]
[Round "13"]
[White "Ftacnik, Lubomir"]
[Black "Dimitrov, Vladimir"]
[Result "1/2-1/2"]
[WhiteElo "2560"]
[BlackElo "2455"]
[EventDate "1990.02.??"]
[PlyCount "22"]

1.c4 e6 2.Nf3 Nf6 3.Nc3 d5 4.d4 Bb4 5.Bg5 Nbd7 6.cxd5 exd5 7.Nd2 c6 8.e3 
Nf8 9.Bd3 Ng6 10.O-O h6 11.Bxf6 gxf6 1/2-1/2

[Event "zonal 3A"]
[Site "Stara Zagora BUL"]
[Date "1990.??.??"]
[Round "13"]
[White "Lechtynsky, Jiri"]
[Black "Gdanski, Jacek"]
[Result "1-0"]
[WhiteElo "2430"]
[BlackElo "2430"]
[EventDate "1990.02.??"]
[PlyCount "85"]

1.Nf3 g6 2.d4 Bg7 3.g3 c5 4.c3 Nf6 5.Bg2 O-O 6.dxc5 a5 7.Ne5 Na6 8.Nd3 Re8
9.Na3 e5 10.e4 Bf8 11.Be3 Qc7 12.Nb5 Qc6 13.a4 Re6 14.O-O Nxc5 15.Nxc5 
Bxc5 16.Nd4 exd4 17.cxd4 d5 18.exd5 Nxd5 19.Qb3 Qe8 20.Qxd5 Bf8 21.Qb3 Qd8
22.Rac1 Rb6 23.Qd5 Qxd5 24.Bxd5 Rxb2 25.Rc7 Be6 26.Rxb7 Rxb7 27.Bxb7 Rb8 
28.Bc6 Bh3 29.Rc1 Ba3 30.Ra1 Bd6 31.Bb5 Kf8 32.Re1 h5 33.Bh6+ Kg8 34.Bd2 
Bb4 35.Bxb4 axb4 36.Rb1 Rc8 37.d5 b3 38.Bc6 Rb8 39.a5 Bc8 40.d6 Bf5 41.Rb2
Bd3 42.d7 Bc4 43.a6 1-0

[Event "zonal 3A"]
[Site "Stara Zagora BUL"]
[Date "1990.??.??"]
[Round "13"]
[White "Moldovan, Daniel"]
[Black "Kuczynski, Robert"]
[Result "1-0"]
[WhiteElo "2335"]
[BlackElo "2460"]
[EventDate "1990.02.??"]
[PlyCount "61"]

1.e4 Nc6 2.Nf3 d6 3.d4 Nf6 4.Nc3 Bg4 5.Be3 e6 6.h3 Bh5 7.Be2 Be7 8.O-O O-O
9.d5 exd5 10.exd5 Bxf3 11.Bxf3 Ne5 12.Be2 Re8 13.f4 Ned7 14.Bf3 Nb6 15.b3 
Nfd7 16.Qd2 Nc5 17.Bf2 f5 18.b4 Ncd7 19.Qd3 Bf6 20.Rae1 Rxe1 21.Rxe1 a5 
22.Nb5 axb4 23.Qxf5 Nc5 24.Bxc5 dxc5 25.Kh2 Qc8 26.Re6 Nd7 27.Bg4 Qd8 28.
d6 Nf8 29.dxc7 Qd2 30.Re2 Qc1 31.Nd6 1-0